| 000 | 11025nas1a22007331i 4500 | ||
|---|---|---|---|
| 001 | RU\NLR\INFOCOMM19\1000048981 | ||
| 005 | 20260407150807.0 | ||
| 035 | _a(NLR Aleph) 002467234 | ||
| 090 |
_a2306043 _c2306043 |
||
| 100 | _a20040324c1982 |||y0rusy50 ca | ||
| 101 | 0 | _arus | |
| 102 | _aRU | ||
| 110 | _aayu||||0|y0 | ||
| 200 | 1 |
_aИнформационное обеспечение общесоюзных научно-технических программ _eОбзор информ. _fВНИИКИ |
|
| 210 |
_aМ. _d1982 - |
||
| 300 | _aВ надзаг. также: Гос. ком. СССР по стандартам. Госстандарт СССР | ||
| 430 | 0 |
_1001rc\1105773 _12001#$aИнформационное обеспечение целевых комплексных научно-технических программ и программ по решению важнейших научно-технических проблем _95056743 _cМ. _d1982 - 1985 _fВНИИКИ _oОбзор. информ. _tИнформационное обеспечение целевых комплексных научно-технических программ и программ по решению важнейших научно-технических проблем |
|
| 430 | 0 |
_1001rc\1105774 _12001#$aИнформационное обеспечение целевых научно-технических программ и программ по решению важнейших научно-технических проблем _95056746 _cМ. _d1986 _fВНИИКИ _oОбзор. информ. _tИнформационное обеспечение целевых научно-технических программ и программ по решению важнейших научно-технических проблем |
|
| 512 | 1 | _aИнформационное обеспечение целевых комплексных программ | |
| 517 | 1 | _aИнформационное обеспечение целевых комплексных научно-технических программ и программ по решению научно-технических проблем | |
| 712 | 0 | 2 |
_4570 _aВНИИ технической информации, классификации и кодирования _3RU\NLR\AUTH\8810025845 _9549921 |
| 801 | 1 |
_aRU _bInfoComm _c20040324 |
|
| 801 | 0 |
_aRU _bNLR _gPSBO |
|
| 852 |
_aNLR _jП10/5940 |
||
| 942 | _cJOURNAL | ||
| 980 | _aRUSPER | ||